00330nam a2200121Ia 4500008004100000041000800041082001800049100002000067245004500087260003800132300003100170365000700201240624s9999 xx 000 0 und d aeng a658.15224 MAD aMADAPATI RAVI S aENTREPRENEURIAL FINANCE CONCEPTS AND CAS c2004aHyderabadbICFAI University axii, : 203 : p. : cm. ; 22 cRS